Bangladesh business year book / (Record no. 3211)
[ view plain ]
| 000 -LEADER | |
|---|---|
| fixed length control field | 00966cas a2200289 a 4500 |
| 001 - CONTROL NUMBER | |
| control field | 3211 |
| 003 - CONTROL NUMBER IDENTIFIER | |
| control field | BD-DhEWU |
| 005 - DATE AND TIME OF LATEST TRANSACTION | |
| control field | 20181125115844.0 |
| 008 - FIXED-LENGTH DATA ELEMENTS--GENERAL INFORMATION | |
| fixed length control field | 040508c20029999bg ar g f 0 0eng |
| 025 ## - OVERSEAS ACQUISITION NUMBER | |
| Overseas acquisition number | B-2003-307448-S; 22 |
| 035 ## - SYSTEM CONTROL NUMBER | |
| System control number | (OCoLC)55104792 |
| 040 ## - CATALOGING SOURCE | |
| Original cataloging agency | DLC |
| Language of cataloging | eng |
| Transcribing agency | DLC |
| Modifying agency | DLC |
| -- | OCoLC |
| -- | BD-DhEWU |
| 041 ## - LANGUAGE CODE | |
| Language code of text/sound track or separate title | eng |
| 050 00 - LIBRARY OF CONGRESS CALL NUMBER | |
| Classification number | HF3790.6 |
| Item number | .A229 |
| 082 00 - DEWEY DECIMAL CLASSIFICATION NUMBER | |
| Edition number | 22 |
| Classification number | 650.245492 |
| Item number | BAN 2002 |
| 245 00 - TITLE STATEMENT | |
| Title | Bangladesh business year book / |
| 246 3# - VARYING FORM OF TITLE | |
| Title proper/short title | Bangladesh business yearbook |
| 260 ## - PUBLICATION, DISTRIBUTION, ETC. (IMPRINT) | |
| Place of publication, distribution, etc | Dhaka : |
| Name of publisher, distributor, etc | A1 Publications, |
| Date of publication, distribution, etc | c2002. |
| 300 ## - PHYSICAL DESCRIPTION | |
| Extent | v. : |
| Other physical details | ill. ; |
| Dimensions | 23 cm. |
| 526 ## - STUDY PROGRAM INFORMATION NOTE | |
| Program name | BA |
| Requested Dept. (EWU) | Economics |
| 590 ## - LOCAL NOTE (RLIN) | |
| Local note | Shaharima Parvin |
| 651 #0 - SUBJECT ADDED ENTRY--GEOGRAPHIC NAME | |
| Geographic name | Bangladesh |
| General subdivision | Commerce |
| Form subdivision | Handbooks, manuals, etc. |
| 9 (RLIN) | 17210 |
| 856 42 - ELECTRONIC LOCATION AND ACCESS | |
| Materials specified | WorldCat details |
| Uniform Resource Identifier | https://www.worldcat.org/title/bangladesh-business-year-book/oclc/55104792&referer=brief_results |
| 942 ## - ADDED ENTRY ELEMENTS (KOHA) | |
| Source of classification or shelving scheme | Dewey Decimal Classification |
| Koha item type | Ref. |
| Withdrawn status | Lost status | Source of classification or shelving scheme | Damaged status | Not for loan | Collection code | Home library | Current library | Shelving location | Date acquired | Source of acquisition | Cost, normal purchase price | Total Checkouts | Full call number | Barcode | Copy number | Koha item type |
|---|---|---|---|---|---|---|---|---|---|---|---|---|---|---|---|---|
| Dewey Decimal Classification | Not For Loan | Non-fiction | Dr. S. R. Lasker Library, EWU | Dr. S. R. Lasker Library, EWU | Reference Section | 09/04/2003 | Karim International | 693.00 | 650.245492 BAN 2002 | 10795 | C-1 | Ref. | ||||
| Dewey Decimal Classification | Not For Loan | Non-fiction | Dr. S. R. Lasker Library, EWU | Dr. S. R. Lasker Library, EWU | Reference Section | 04/11/2003 | 0.00 | 650.245492 BAN 2002 | 13285 | C-1 | Ref. |